[Event "Oberpfalz-ch M2"]
[Site "Regensburg"]
[Date "2006.04.10"]
[Round "6"]
[White "Gassner, Michael"]
[Black "Guentner, Dietmar"]
[Result "1/2-1/2"]
[WhiteElo "1825"]
[BlackElo "1636"]
[PlyCount "48"]
[EventDate "2006.04.08"]
[EventType "swiss"]
[EventRounds "8"]
[EventCountry "GER"]
[SourceTitle "EXT 2022"]
[Source "ChessBase"]
[SourceDate "2021.10.06"]
[SourceVersion "1"]
[SourceVersionDate "2021.10.06"]
[SourceQuality "1"]

1. d4 f5 2. Bg5 h6 3. Bf4 Nf6 4. Nc3 d5 5. Qd3 e6 6. Qg3 Qe7 7. Bxc7 Na6 8. Qg6+ Qf7 9. Qxf7+ Kxf7 10. Be5 Nb4 11. Rc1 Nc6 12. Nf3 Bb4 13. Bxf6 Kxf6 14. e3 a6 15. Kd2 b5 16. Be2 g5 17. Ne1 Na5 18. a3 Bd6 19. b4 Nc4+ 20. Bxc4 dxc4 21. f3 Bb7 22. Ne2 Rhd8 23. c3 Rh8 24. Ra1 Bc6 1/2-1/2

[Event "Oberpfalz-ch M2"]
[Site "Regensburg"]
[Date "2006.04.09"]
[Round "3"]
[White "Guentner, Dietmar"]
[Black "Liess, Marcus"]
[Result "1/2-1/2"]
[WhiteElo "1636"]
[BlackElo "1892"]
[PlyCount "38"]
[EventDate "2006.04.08"]
[EventType "swiss"]
[EventRounds "8"]
[EventCountry "GER"]
[SourceTitle "EXT 2022"]
[Source "ChessBase"]
[SourceDate "2021.10.06"]
[SourceVersion "1"]
[SourceVersionDate "2021.10.06"]
[SourceQuality "1"]

1. e4 c5 2. Nf3 Nc6 3. d4 cxd4 4. Nxd4 g6 5. c4 Bg7 6. Be3 Nf6 7. f3 a6 8. Nxc6 bxc6 9. Nc3 d6 10. Be2 0-0 11. 0-0 Qc7 12. Rc1 Qb7 13. Rc2 Be6 14. f4 Qc8 15. h3 h5 16. Bd3 Bh6 17. Qd2 Bxh3 18. gxh3 Qxh3 19. Be2 Qg3+ 1/2-1/2

[Event "Oberpfalz-ch M2"]
[Site "Regensburg"]
[Date "2006.04.09"]
[Round "4"]
[White "Koch, Daniel"]
[Black "Guentner, Dietmar"]
[Result "1/2-1/2"]
[WhiteElo "1804"]
[BlackElo "1636"]
[PlyCount "38"]
[EventDate "2006.04.08"]
[EventType "swiss"]
[EventRounds "8"]
[EventCountry "GER"]
[SourceTitle "EXT 2022"]
[Source "ChessBase"]
[SourceDate "2021.10.06"]
[SourceVersion "1"]
[SourceVersionDate "2021.10.06"]
[SourceQuality "1"]

1. d4 f5 2. c4 e6 3. Nc3 Nf6 4. Nf3 d5 5. Bf4 Bd6 6. Bxd6 Qxd6 7. e3 0-0 8. Bd3 c6 9. 0-0 Nbd7 10. cxd5 Nxd5 11. Qb3 Kh8 12. Rfe1 e5 13. dxe5 Nxe5 14. Nxe5 Qxe5 15. Nxd5 cxd5 16. Be2 b6 17. Bf3 Bb7 18. Rac1 Rad8 19. g3 g5 1/2-1/2

[Event "Oberpfalz-ch M2"]
[Site "Regensburg"]
[Date "2006.04.08"]
[Round "1"]
[White "Guentner, Dietmar"]
[Black "Simon, Guenther"]
[Result "1/2-1/2"]
[WhiteElo "1636"]
[BlackElo "1792"]
[PlyCount "82"]
[EventDate "2006.04.08"]
[EventType "swiss"]
[EventRounds "8"]
[EventCountry "GER"]
[SourceTitle "EXT 2022"]
[Source "ChessBase"]
[SourceDate "2021.10.06"]
[SourceVersion "1"]
[SourceVersionDate "2021.10.06"]
[SourceQuality "1"]

1. e4 e6 2. d3 d5 3. Nd2 Nf6 4. e5 Nfd7 5. f4 c5 6. Ngf3 Nc6 7. c3 b6 8. d4 Bb7 9. Bd3 cxd4 10. Nxd4 a6 11. 0-0 Bc5 12. N2b3 Qc7 13. Kh1 h5 14. Rf3 0-0-0 15. Qe2 Ndb8 16. Nxc6 Qxc6 17. Nd4 Qc7 18. f5 Bxd4 19. cxd4 Nc6 20. Be3 Kb8 21. Bxa6 Rc8 22. Bxb7 Qxb7 23. Qd2 Na5 24. b3 Qa6 25. Qd1 Rc7 26. fxe6 fxe6 27. Qf1 Qb7 28. Rf8+ Rxf8 29. Qxf8+ Ka7 30. Qf1 Rf7 31. Qe2 Rf5 32. Rf1 Qf7 33. Rxf5 Qxf5 34. h3 Qe4 35. Qf2 Nb7 36. Qd2 Qf5 37. Bg1 Qg6 38. Qc1 Qf5 39. a4 g5 40. Qe3 g4 41. h4 Na5 1/2-1/2

[Event "Oberpfalz-ch M2"]
[Site "Regensburg"]
[Date "2004.04.05"]
[Round "6"]
[White "Eibl, Maximilian"]
[Black "Guentner, Dietmar"]
[Result "0-1"]
[WhiteElo "1366"]
[BlackElo "1727"]
[PlyCount "82"]
[EventDate "2004.04.03"]
[EventType "swiss"]
[EventRounds "8"]
[EventCountry "GER"]
[SourceTitle "EXT 2022"]
[Source "ChessBase"]
[SourceDate "2021.10.06"]
[SourceVersion "1"]
[SourceVersionDate "2021.10.06"]
[SourceQuality "1"]

1. Nf3 d5 2. c4 e6 3. g3 Nf6 4. Bg2 Be7 5. 0-0 0-0 6. d3 c6 7. Nbd2 Nbd7 8. a3 c5 9. Re1 Qc7 10. e4 dxe4 11. Nxe4 Nxe4 12. dxe4 e5 13. Be3 Nb6 14. Qc2 Be6 15. b3 Rad8 16. Rad1 Bg4 17. Rd2 Rxd2 18. Nxd2 Rd8 19. h3 Be6 20. Nb1 Qd7 21. Kh2 Qd3 22. Rc1 Qxc2 23. Rxc2 Rd3 24. Nc3 a6 25. Bf1 Rd8 26. Nd5 Bxd5 27. exd5 Nd7 28. h4 Bd6 29. Bh3 g6 30. Bxd7 Rxd7 31. Kh3 f5 32. Re2 Kf7 33. Bd2 b5 34. Bc3 e4 35. Kg2 Rb7 36. Rb2 Re7 37. f3 exf3+ 38. Kf2 Re4 39. Bd2 Rg4 40. Bf4 Bxf4 41. gxf4 Rg2+ 0-1